| 000 | 00487cam a22002054a 4500 | ||
|---|---|---|---|
| 005 | 20250605164320.0 | ||
| 008 | 250528s ||||||||||||||||||||||||d | ||
| 035 | _a22857 | ||
| 020 | _a9781564961099 | ||
| 040 |
_aGR-AtMCL _bgre _dGR-AtMCL _eAACR2 |
||
| 245 | 1 | _aMARKETING BY DESIGN | |
| 250 | _a1 | ||
| 260 |
_bRockport Publishers, _c1997 |
||
| 300 | _a245 | ||
| 700 | 1 |
_aHarris Sherwin _98514 |
|
| 700 | 1 |
_aHolland D.K _98515 |
|
| 942 | _cBK | ||
| 999 |
_c7902 _d7902 |
||